000
00245nam a22001217a 4500
040
_c
HS
082
_a
501
100
_a
CHEAT SOPHAL
245
_a
Communicating science (ABC)
260
_a
RUA
_b
CHEAT SOPHAL
_c
2010
300
_a
21p;
942
_c
EK
999
_c
8882
_d
8882